[Event "Joao Pessoa de Assis Memorial 2nd"]
[Site "Joao Pessoa"]
[Date "2022.10.21"]
[Round "2"]
[White "Pereira, Francisco Neris"]
[Black "Canonico, Rodrigo"]
[Result "0-1"]
[WhiteElo "1548"]
[BlackElo "1677"]
[PlyCount "42"]
[EventDate "2022.10.21"]
[EventType "swiss"]
[EventRounds "6"]
[EventCountry "BRA"]
[SourceTitle "CBM 210 Extra"]
[Source "ChessBase"]
[SourceDate "2022.11.30"]
[SourceVersion "1"]
[SourceVersionDate "2022.11.30"]
[SourceQuality "1"]

1. e4 e5 2. Nf3 Nc6 3. Bc4 Nf6 4. d3 Bc5 5. 0-0 d6 6. c3 h6 7. d4 exd4 8. cxd4 Bb6 9. Nc3 Bg4 10. Be3 Bxf3 11. gxf3 a6 12. Kh1 Qd7 13. Rg1 g5 14. f4 gxf4 15. Bxf4 Nxd4 16. e5 Qc6+ 17. f3 Nxf3 18. Nd5 Nxg1 19. exf6 Qxc4 20. Qe1+ Ne2 21. Kg2 Qxd5+ 0-1

[Event "BRA-ch Seniors 50"]
[Site "Joao Pessoa"]
[Date "2022.08.20"]
[Round "4"]
[White "Mazzuco Junior, Adir"]
[Black "Canonico, Rodrigo"]
[Result "0-1"]
[WhiteElo "1494"]
[BlackElo "1678"]
[PlyCount "114"]
[EventDate "2022.08.19"]
[EventType "k.o."]
[EventRounds "5"]
[EventCountry "BRA"]
[SourceTitle "CBM 210 Extra"]
[Source "ChessBase"]
[SourceDate "2022.11.30"]
[SourceVersion "1"]
[SourceVersionDate "2022.11.30"]
[SourceQuality "1"]

1. d4 f5 2. Nc3 Nf6 3. Bg5 d6 4. g3 g6 5. Bg2 Bg7 6. Nf3 0-0 7. 0-0 Nc6 8. d5 Ne5 9. Nxe5 dxe5 10. e4 h6 11. Bxf6 exf6 12. f4 exf4 13. Rxf4 g5 14. Rf1 fxe4 15. Bxe4 f5 16. Bg2 Qe7 17. Qe1 Qc5+ 18. Kh1 Bd7 19. Qd2 Rad8 20. Rad1 b5 21. d6 Bc6 22. Bxc6 Qxc6+ 23. Qd5+ Qxd5+ 24. Rxd5 c6 25. Rd3 Rd7 26. Kg2 Be5 27. Rfd1 Rf6 28. g4 Bxc3 29. bxc3 f4 30. Kf3 Re6 31. h3 Kf7 32. R1d2 Re5 33. a3 Ke6 34. Rd4 Rd5 35. Re2+ Kxd6 36. Rde4 Kc5 37. a4 a5 38. c4 Rd4 39. cxb5 Rxe4 40. Rxe4 cxb5 41. Re5+ Rd5 42. Re4 b4 43. h4 Rd2 44. hxg5 hxg5 45. Re5+ Rd5 46. Re2 Kc4 47. Ke4 Rc5 48. Rf2 Kc3 49. Re2 Kb2 50. Rd2 Rxc2 51. Rd5 b3 52. Rxg5 Ka3 53. Rxa5 b2 54. Rb5 Rc4+ 55. Kf5 Ka2 56. g5 f3 57. g6 f2 0-1

[Event "Pessoense Master 6th"]
[Site "Joao Pessoa"]
[Date "2020.03.13"]
[Round "8"]
[White "Baltar, Petrov Ferreira"]
[Black "Canonico, Rodrigo"]
[Result "1-0"]
[WhiteElo "1650"]
[BlackElo "1700"]
[PlyCount "95"]
[EventDate "2020.03.07"]
[EventType "tourn"]
[EventRounds "11"]
[EventCountry "BRA"]
[SourceTitle "CBM 195 Extra"]
[Source "ChessBase"]
[SourceDate "2020.05.31"]
[SourceVersion "1"]
[SourceVersionDate "2020.05.31"]
[SourceQuality "1"]

1. e4 e5 2. Nf3 Nc6 3. Bb5 f5 4. d3 fxe4 5. dxe4 Nf6 6. Nc3 Bb4 7. Bg5 d6 8. 0-0 Bxc3 9. bxc3 0-0 10. h3 Be6 11. Qe2 Qe8 12. a4 Qg6 13. Bxf6 Rxf6 14. Bc4 Raf8 15. Bxe6+ Rxe6 16. Nh4 Qg5 17. Nf5 Rg6 18. Ng3 Nd8 19. a5 Ne6 20. Rab1 b6 21. axb6 cxb6 22. Rbd1 Nc5 23. Qc4+ Kh8 24. Qe2 h6 25. Rfe1 Rf4 26. Qf1 Qh4 27. Nf5 Qxh3 28. Rxd6 Rxg2+ 29. Qxg2 Rg4 30. Ng3 Qh4 31. Qf3 Rf4 32. Qg2 Rg4 33. Qh2 Qe7 34. Rd5 Rh4 35. Qg2 Rg4 36. Qh3 Rh4 37. Qc8+ Kh7 38. Qf5+ Kg8 39. Qxe5 Qf8 40. Qf5 Qe7 41. Re5 Qd8 42. Rd5 Qe7 43. Kg2 a5 44. Kf1 a4 45. Kg2 a3 46. Qc8+ Kh7 47. Rd8 a2 48. Rh8+ 1-0

[Event "Joao Pessoa de Assis Memorial 1st"]
[Site "Joao Pessoa"]
[Date "2019.11.17"]
[Round "6"]
[White "Campos Jr, Antonio De Siqueira"]
[Black "Canonico, Rodrigo"]
[Result "1/2-1/2"]
[WhiteElo "1639"]
[BlackElo "1687"]
[PlyCount "34"]
[EventDate "2019.11.15"]
[EventType "swiss"]
[EventRounds "6"]
[EventCountry "BRA"]
[SourceTitle "CBM 193 Extra"]
[Source "ChessBase"]
[SourceDate "2020.01.31"]
[SourceVersion "1"]
[SourceVersionDate "2020.01.31"]
[SourceQuality "1"]

1. e4 e5 2. Nf3 Nc6 3. c3 d5 4. Bb5 dxe4 5. Nxe5 Qf6 6. d4 exd3 7. Nxc6 bxc6 8. Bxd3 Bc5 9. 0-0 Ne7 10. Nd2 0-0 11. Qh5 Nf5 12. Ne4 Qe7 13. Nxc5 Qxc5 14. Be3 Qd5 15. Rad1 g6 16. Qg5 Nxe3 17. Qxe3 Qxa2 1/2-1/2